000 00947nam a22002898i 4500
001 021369408
003 EG-ScBUE
005 20260210093058.0
008 240520s2025 enka f b 001 0 eng d
020 _a9781032371306
040 _aStDuBDS
_beng
_erda
_cStDuBDS
_dEG-ScBUE
082 0 4 _a808.06672
_222
_bMAS
100 1 _aMassey, Anne,
_d1956-
_eauthor.
245 1 0 _aWriting and publishing in architecture and design /
_cAnne Massey.
264 1 _aLondon :
_bRoutledge,
_c2025.
300 _a220 pages :
_billustrations (black and white, and colour) ;
_c24 cm
336 _atext
_2rdacontent
_btxt
336 _astill image
_2rdacontent
_btxt
337 _aunmediated
_2rdamedia
_bn
338 _avolume
_2rdacarrier
_bnc
504 _aIncludes bibliographical references and index.
650 7 _aArchitectural writing.
_2BUEsh
653 _cFebruary2026
_bENGARC
655 _vReading book
942 _2ddc
_cBB
999 _c31098
_d31069